| 000 | 01013nas a2200325 4500 | ||
|---|---|---|---|
| 001 | BR0306185 | ||
| 003 | BR-BrBNA | ||
| 005 | 20231205104222.0 | ||
| 007 | ta | ||
| 008 | 230509b bl.|||p| |||| 00| 00por d | ||
| 040 |
_aBR-BrBNA _bpor _cBiblioteca Nacional de Agricultura |
||
| 041 | _a(Pt) | ||
| 072 | _aQ53; Q52 | ||
| 100 | 1 | _aPolaquini, L.E.M. | |
| 100 | 1 | _aSchocken-Iturrino, R.P. | |
| 100 | 1 | _aÁvila, F. | |
| 100 | 1 | _aMeireles Gama, L.F.S.A. | |
| 100 | 1 | _aCarneiro, A.P.M. | |
| 245 | 1 | _aIsolamento de Clostridium botulinum e toxina botulínica em amostras de cama de frango, utilizada na alimentação de bovinos confinados | |
| 650 | _aBOVINO | ||
| 650 | _aCAMA DE GALINHEIRO | ||
| 650 | _aAMOSTRAGEM | ||
| 650 | _aBOTULISMO | ||
| 650 | _aTOXINA | ||
| 650 | _aANÁLISE DE ALIMENTO | ||
| 650 | _aCONTAMINAÇÃO | ||
| 773 | 0 |
_tArs Veterinária (Brazil) _xISSN 0102-6380 _g(Aug 2003), v. 19(2) p. 150-155 _wBR0306185 |
|
| 909 |
_a202311 _bLúcia _c55 _dLúcia Elande |
||
| 942 |
_2AGRIS _n0 _cANA |
||
| 999 |
_c176996 _d176996 |
||